00688nam a22001937a 450000500170000001000150001702000250003203500130005703700130007008200110008310000220009424500750011626000400019127000650023130000220029694200250031899900170034395201340036020100812145736.0 aENG-100088 a9788190909259c80.00 aEN-83620 bDBAD/PUB a881.08 aAnitha, G.911901 aA heap of broken images in T. S. eliots the waste land /cby G. Anitha aChennaibDuvaraga Publicationc2009 a1, Valli Street, Karthikeyan Nagar, MaduravayalbChennaie95 a141p.c20cm (pbk) 2ddccENh881.08mANI c41406d41406 001040718NFICaDBADbDBADd2010-08-12eDBAD/PUBg80.00l0o881.08 ANIpEN-83620r2010-08-12 00:00:00t1v80.00w2010-08-12yEN